Statistics for Big 10 College Logo Quiz

Click here to take the quiz!

General Stats

  • This quiz has been taken 129 times
  • The average score is 13 of 14

Answer Stats

Answer% Correct
Michigan Wolverines
100%
Indiana Hoosiers
98%
Michigan St Spartans
98%
Nebraska Cornhuskers
98%
Ohio St Buckeyes
98%
Penn St Nittany Lions
98%
Maryland Terrapins
97%
Northwestern Wildcats
97%
Purdue Boilmakers
97%
Illinois Fighting Illini
96%
Wisconsin Badgers
95%
Iowa Hawkeyes
94%
Minnesota Golden Gophers
92%
Rutgers Scarlet Knights
92%

Score Distribution

Percentile by Number Answered

Percent of People with Each Score

Your Score History

You have not taken this quiz